Регионална библиотека "Любен Каравелов" - Русе

Самоанализ (Запис номер 22187)

MARC детайли
000 -Лидер
Контролно поле с фиксирана дължина 01211nam a2200313 c 4500
003 - Код на организацията, давaща контролен номер
Контролно поле BLK
005 - Дата и час на последна редакция
Контролно поле 20180420215739.0
008 - Елементи от данни с фиксирана дължина
fixed length control field 180413b bul|||||r ||||||| ||bul||
010 ## - Наследен системен номер
LC control number KNG00024534000
040 ## - Източник на каталожния запис
Идентификатор на билиотеката - собственик на записа BLK
041 ## - Код за език
Код за езика на текст/звукозапис или на отделно заглавие Български
Код за езика КДБФ Български
080 ## - УДК
Текстов определител УДК Психоанализа
УДК код - определител по УДК 159.964.2
УДК определител
УДК - код + определител 159.964.2
080 ## - УДК
Текстов определител УДК Тренировка на психиката. Сугестия. Медитация(психотерапевт. аспекти). Самовнушение. Автогенна тренировка, автогенна сугестия
УДК код - определител по УДК 615.851.1
УДК определител
УДК - код + определител 615.851.1
100 1# - Редна дума - Автор
Автор Хорни, Карен
Авторска отговорност първи автор
R(LIN) 256126
139 ## - Редно поле
Редна дума Хорни, Карен
Авторски знак Хори - Х 68
245 10 - Сведения за заглавието
Заглавие Самоанализ
Редно поле (дума) Карен Хорни.
257 ## - Страна на издаване
Страна на създаване/издаване Германия
260 ## - Област на издателските данни
-- София
Име на издателя, разпространителя и проч. Евразия
Година на издаване 1998
Печатница София : Офсетграфик
300 ## - Физическа характеристика
Страници 298 с.
Размери/Мащаб 20 см
490 1# - СЕРИИ (Колекции)
Име на серия Imago mundi
500 ## - Общи забележки
Забележка Ориг. загл. Self-Analysis / Karen Horney. - 600 тир.
650 #4 - Допълнително описание по предмет – тема
Основно описание – тема или топоним Психоанализа
9 (RLIN) 168303
650 #4 - Допълнително описание по предмет – тема
Основно описание – тема или топоним Психотерапия
9 (RLIN) 168415
852 ## - Местоположение
Форматна сигнатура Цб 198411
856 4# - Електронен адрес и достъп
Електронен формат pdf - файл
Път до файла /url/
856 4# - Електронен адрес и достъп
Електронен формат pdf - файл
Път до файла /url/
942 ## - АРТИКУЛИ
Вид на библиотечния материал Книги
Скрит в OPAC Не
944 ## - СЪЗДАВАНЕ И РЕДАКЦИЯ на ЗАПИСА
Създаване/Редакция Създаване
Дата на регистрацията/редакция 15.01.2003
Служител, извършил регистрацията/редакцията AB_DOS
944 ## - СЪЗДАВАНЕ И РЕДАКЦИЯ на ЗАПИСА
Създаване/Редакция Редакция
Дата на регистрацията/редакция 15.01.2003
Служител, извършил регистрацията/редакцията
999 ## - СИСТЕМНИ КОНТРОЛНИ НОМЕРА
Koha biblionumber 22187
Koha biblioitemnumber 22187
Наличности
Код за отписване Код за изгубен артикул Източник на класификационната схема Код за повреда Коз за рестрикции Код за отдаване Артикулен № Име на библиотеката - собственик Име на библиотеката, в която се намира в момента Статус (Текущо местоположение) Дата на вписване в системата Местоположение - отдел Цена в лева Инвентарен номер Систематично азбучна сигнатура Баркод Номер на екземпляра Цена в евро Служебен тип на артикула
  Не е изгубен Universal Decimal Classification Не е повреден без рестрикции ползва се в читалня 36643 Регионална библиотека "Любен Каравелов" Русе Регионална библиотека "Любен Каравелов" Русе Хранилище 2001-01-01 Хранилище 0.00 644431 Цб 198411 120000644431 1 0.00 Книги
Vip Innovations Ltd, Rousse, Bulgaria 2025